000 00298nam a22001337a 4500
008 170926b xxu||||| |||| 00| 0 eng d
020 _a9780321457981
041 _aeng
080 _212TH
_a37
100 _a46
101 _aEDU
245 _aWRITING RESEARCH PAPERS
_cLESTER,J.D
942 _2udc
_cBK
999 _c29797
_d29797